<?xml version="1.0" encoding="UTF-8"?>
<record
    xmlns:xsi="http://www.w3.org/2001/XMLSchema-instance"
    xsi:schemaLocation="http://www.loc.gov/MARC21/slim http://www.loc.gov/standards/marcxml/schema/MARC21slim.xsd"
    xmlns="http://www.loc.gov/MARC21/slim">

  <leader>00560nam a22001937a 4500</leader>
  <controlfield tag="003">OSt</controlfield>
  <controlfield tag="005">20260605152649.0</controlfield>
  <controlfield tag="008">260605b        |||||||| |||| 00| 0 eng d</controlfield>
  <datafield tag="020" ind1=" " ind2=" ">
    <subfield code="a">9780205992102</subfield>
  </datafield>
  <datafield tag="040" ind1=" " ind2=" ">
    <subfield code="c">chuka university library</subfield>
  </datafield>
  <datafield tag="050" ind1=" " ind2=" ">
    <subfield code="a">BF 637 .M37 2015</subfield>
  </datafield>
  <datafield tag="100" ind1=" " ind2=" ">
    <subfield code="a">  Martin Garry</subfield>
    <subfield code="9">27038</subfield>
  </datafield>
  <datafield tag="245" ind1=" " ind2=" ">
    <subfield code="a">Behavior Modification :What it is and How to do it</subfield>
  </datafield>
  <datafield tag="250" ind1=" " ind2=" ">
    <subfield code="a">10th Ed.</subfield>
  </datafield>
  <datafield tag="260" ind1=" " ind2=" ">
    <subfield code="a">Boston columbus</subfield>
    <subfield code="b">Pearson</subfield>
    <subfield code="c">2015</subfield>
  </datafield>
  <datafield tag="300" ind1=" " ind2=" ">
    <subfield code="a">Various paging</subfield>
    <subfield code="b">colored illustrations</subfield>
  </datafield>
  <datafield tag="650" ind1=" " ind2=" ">
    <subfield code="a">Behavior modification</subfield>
    <subfield code="9">27039</subfield>
  </datafield>
  <datafield tag="942" ind1=" " ind2=" ">
    <subfield code="2">lcc</subfield>
    <subfield code="c">BK</subfield>
    <subfield code="n">0</subfield>
  </datafield>
  <datafield tag="952" ind1=" " ind2=" ">
    <subfield code="0">0</subfield>
    <subfield code="1">0</subfield>
    <subfield code="2">lcc</subfield>
    <subfield code="4">0</subfield>
    <subfield code="7">0</subfield>
    <subfield code="8">LGL</subfield>
    <subfield code="a">CHK</subfield>
    <subfield code="b">CHK</subfield>
    <subfield code="c">GEN</subfield>
    <subfield code="d">2026-06-05</subfield>
    <subfield code="e">Donation from books for Africa</subfield>
    <subfield code="l">0</subfield>
    <subfield code="o">BF 637 .M37 2015</subfield>
    <subfield code="p">32840/2026</subfield>
    <subfield code="r">2026-06-05 15:29:56</subfield>
    <subfield code="t">C3</subfield>
    <subfield code="w">2026-06-05</subfield>
    <subfield code="y">BK</subfield>
  </datafield>
  <datafield tag="952" ind1=" " ind2=" ">
    <subfield code="0">0</subfield>
    <subfield code="1">0</subfield>
    <subfield code="2">lcc</subfield>
    <subfield code="4">0</subfield>
    <subfield code="7">0</subfield>
    <subfield code="8">LGL</subfield>
    <subfield code="a">CHK</subfield>
    <subfield code="b">CHK</subfield>
    <subfield code="c">GEN</subfield>
    <subfield code="d">2026-06-05</subfield>
    <subfield code="e">Donation from books for Africa</subfield>
    <subfield code="l">0</subfield>
    <subfield code="o">BF 637 .M37 2015</subfield>
    <subfield code="p">32839/2026</subfield>
    <subfield code="r">2026-06-05 15:29:56</subfield>
    <subfield code="t">C1</subfield>
    <subfield code="w">2026-06-05</subfield>
    <subfield code="y">BK</subfield>
  </datafield>
  <datafield tag="952" ind1=" " ind2=" ">
    <subfield code="0">0</subfield>
    <subfield code="1">0</subfield>
    <subfield code="2">lcc</subfield>
    <subfield code="4">0</subfield>
    <subfield code="7">0</subfield>
    <subfield code="8">LGL</subfield>
    <subfield code="a">CHK</subfield>
    <subfield code="b">CHK</subfield>
    <subfield code="c">GEN</subfield>
    <subfield code="d">2026-06-05</subfield>
    <subfield code="e">Donation from books for Africa</subfield>
    <subfield code="l">0</subfield>
    <subfield code="o">BF 637 .M37 2015</subfield>
    <subfield code="p">32838/2026</subfield>
    <subfield code="r">2026-06-05 15:29:56</subfield>
    <subfield code="t">C4</subfield>
    <subfield code="w">2026-06-05</subfield>
    <subfield code="y">BK</subfield>
  </datafield>
  <datafield tag="952" ind1=" " ind2=" ">
    <subfield code="0">0</subfield>
    <subfield code="1">0</subfield>
    <subfield code="2">lcc</subfield>
    <subfield code="4">0</subfield>
    <subfield code="7">0</subfield>
    <subfield code="8">LGL</subfield>
    <subfield code="a">CHK</subfield>
    <subfield code="b">CHK</subfield>
    <subfield code="c">GEN</subfield>
    <subfield code="d">2026-06-05</subfield>
    <subfield code="e">Donation from books for Africa</subfield>
    <subfield code="l">0</subfield>
    <subfield code="o">BF 637 .M37 2015</subfield>
    <subfield code="p">32837/2026</subfield>
    <subfield code="r">2026-06-05 15:29:56</subfield>
    <subfield code="t">C5</subfield>
    <subfield code="w">2026-06-05</subfield>
    <subfield code="y">BK</subfield>
  </datafield>
  <datafield tag="999" ind1=" " ind2=" ">
    <subfield code="c">23392</subfield>
    <subfield code="d">23392</subfield>
  </datafield>
</record>
